000 01189nam a2200265Ia 4500
003 GCL
008 140319s9999 xx 000 0 ara d
020 _a1082829953
040 _aGCL /
_cGCL
082 0 4 _a956.708
_bب ا
100 1 _aباسيل يوسف بجك
245 1 0 _aاستراتيجية التدمير :
_bاليات الاحتلال الامريكى للعراق ونتائجه ( الطائفية - الهوية الوطنية - السياسات الاقتصادية ) /
_cباسيل يوسف بجك
700 1 _aعبد على كاظم المعمورى
700 1 _aحسن عبيد عيسى
250 _aالاولى
260 _aبيروت :
_bمركز دراسات الوحدة العربية ،
_c2006
300 _a166 ص ؛
_c24 سم
490 _aسلسلة كتب المستقبل العربى
_v49
650 0 4 _aالعراق - الاحوال السياسية
650 0 4 _aالعراق - الامن القومى
650 0 4 _aالاعتداء الامريكى على العراق
650 0 4 _aالعراق - تاريخ - العصر الحديث - الاحتلال الامريكي
650 0 4 _aالمقاومة العراقية
942 _2ddc
_cBK
999 _c8929
_d8929